Introducing the New Standards for Life Cycle Costing in Construction (Record no. 82490)

MARC details
000 -LEADER
fixed length control field 00864cad a22002175a 4500
001 - CONTROL NUMBER
control field L150391
008 - FIXED-LENGTH DATA ELEMENTS--GENERAL INFORMATION
fixed length control field 100707e2010 xxk 000 0 eng d
035 ## - SYSTEM CONTROL NUMBER
System control number (Sirsi) u150391
041 0# - LANGUAGE CODE
Language code of text/sound track or separate title eng
110 2# - MAIN ENTRY--CORPORATE NAME
Corporate name or jurisdiction name as entry element BCIS
110 2# - MAIN ENTRY--CORPORATE NAME
Corporate name or jurisdiction name as entry element British Standards Institution
9 (RLIN) 130
245 00 - TITLE STATEMENT
Title Introducing the New Standards for Life Cycle Costing in Construction
Remainder of title BS ISO 15686-5:2008 for LCC and the new UK supplements
Medium [electronic resource]
260 ## - PUBLICATION, DISTRIBUTION, ETC.
Place of publication, distribution, etc. Stockholm
Name of publisher, distributor, etc. BCIS,FG,BSI
Date of publication, distribution, etc. 2009
520 ## - SUMMARY, ETC.
Summary, etc. Whole life costing industry standards; ISO;
590 ## - LOCAL NOTE (RLIN)
Local note KA
651 #4 - SUBJECT ADDED ENTRY--GEOGRAPHIC NAME
Geographic name United Kingdom
Chronological subdivision
690 ## - LOCAL SUBJECT ADDED ENTRY--TOPICAL TERM (OCLC, RLIN)
Topical term or geographic name as entry element MANAGEMENT-BUSINESS MANAGEMENT-COST MANAGEMENT-COST ANALYSIS-LIFE CYCLE COSTING
710 ## - ADDED ENTRY--CORPORATE NAME
Corporate name or jurisdiction name as entry element Faithful and Gould
9 (RLIN) 5416
856 48 - ELECTRONIC LOCATION AND ACCESS
Uniform Resource Identifier <a href="https://ec.europa.eu/environment/gpp/pdf/UK_Standards_Andy%20Green.pdf">https://ec.europa.eu/environment/gpp/pdf/UK_Standards_Andy%20Green.pdf</a>
Public note View the website free of charge at ec.europa.eu
942 ## - ADDED ENTRY ELEMENTS (KOHA)
Suppress in OPAC 0
Holdings
Withdrawn status Lost status Source of classification or shelving scheme Damaged status Not for loan Home library Current library Shelving location Date acquired Total Checkouts Full call number Barcode Date last seen Copy number Price effective from Koha item type
    Dewey Decimal Classification     Virtual Virtual Online 07/07/2010   ONLINE PUBLICATION 150391-2001 06/08/2019 1 06/08/2019 Book